[Event "AUTO-ADV-128"]
[Site "http://www.queenalice.com/game.php?id=49263"]
[Date "2006.1.24"]
[Round "1"]
[White "Doctor"]
[Black "sidarta"]
[Result "1-0"]
[WhiteElo "1339"]
[BlackElo "1408"]

1. e4 e5 2. Bc4 Nf6 3. d3 a6 4. a3 d6 5. h3 h6 6. Nc3 Nc6 7. Be3 Be7 8. Nf3 O-O
9. Qd2 b5 10. Bb3 Rb8 11. Nd5 Nxd5 12. exd5 Nd4 13. Nxd4 Bb7 14. Nf5 Bg5 15. O-O
Bc8 16. Ng3 Qf6 17. Ne4 Qf5 18. Bxg5 hxg5 19. Nxg5 Qg6 20. Rfe1 f6 21. Ne6 Bxe6
22. dxe6 Kh8 23. Qa5 Rb6 24. Qb4 Qg5 25. Qc3 c5 26. a4 b4 27. Qc4 a5 28. e7 Re8
29. Qf7 Rbb8 30. Rad1 Qf5 31. Be6 Qh7 32. Bd7 Qg8 33. Bxe8 Rxe8 34. Qh5+ Qh7 35.
Qxe8+ Qg8 36. Qxg8+ Kxg8 37. e8=Q+ Kh7 38. Qe7 d5 39. Qxc5 d4 40. Qxa5 Kg6 41.
Qxb4 Kf5 42. c3 dxc3 43. bxc3 g5 44. a5 1-0

[Event "AUTO-ADV-128"]
[Site "http://www.queenalice.com/game.php?id=49264"]
[Date "2006.1.24"]
[Round "1"]
[White "sidarta"]
[Black "Doctor"]
[Result "1-0"]
[WhiteElo "1352"]
[BlackElo "1243"]

1. e4 e6 2. d3 c5 3. c4 Nc6 4. b3 Qf6 5. Ne2 Qxa1 6. Nec3 Be7 7. Qc2 Nd4 8. Qd2
Nxb3 9. axb3 Nf6 10. Na3 O-O 11. Be2 b6 12. O-O Bb7 13. Bb2 Qxf1+ 14. Bxf1 Rad8
15. Ncb5 a6 16. Nc3 d5 17. Qf4 d4 18. Na4 Nd7 19. Qc7 Ba8 20. Nxb6 Nxb6 21. Qxe7
1-0

[Event "AUTO-ADV-128"]
[Site "http://www.queenalice.com/game.php?id=49279"]
[Date "2006.1.24"]
[Round "1"]
[White "fredofm"]
[Black "sidarta"]
[Result "0-1"]
[WhiteElo "1362"]
[BlackElo "1370"]

1. e4 e5 2. Nf3 d6 3. d4 f6 4. dxe5 dxe5 5. Nc3 Nc6 6. Qxd8+ Nxd8 7. Nd5 Bd6 8.
Bc4 Ne6 9. O-O g5 10. h3 Ne7 11. Nxf6+ Kd8 12. Bxe6 Bxe6 13. Nxg5 Bc4 14. Rd1 h6
15. Ngh7 Bg8 16. Nxg8 Nxg8 17. g3 Rxh7 18. f4 Rd7 19. a3 Bc5+ 20. Be3 Bxe3+ 21.
Kg2 Nf6 22. fxe5 Ng8 23. Rd3 Rxd3 24. cxd3 Kd7 25. Rf1 Re8 26. Rf5 Bd4 27. e6+
Rxe6 28. Rf7+ Ne7 29. b4 b5 30. Kf3 Rf6+ 31. Rxf6 Bxf6 32. g4 Kd6 33. Kf4 c5 34.
bxc5+ Kxc5 35. e5 Bg5+ 0-1

[Event "AUTO-ADV-128"]
[Site "http://www.queenalice.com/game.php?id=49280"]
[Date "2006.1.24"]
[Round "1"]
[White "sidarta"]
[Black "fredofm"]
[Result "1-0"]
[WhiteElo "1381"]
[BlackElo "1472"]

1. e4 e5 2. d3 d6 3. Nc3 Nf6 4. h3 c6 5. a3 d5 6. exd5 Nxd5 7. Nxd5 cxd5 8. Qh5
Nc6 9. c3 g6 10. Qe2 d4 11. cxd4 Qe7 12. dxe5 Nxe5 13. Qe3 Nxd3+ 14. Bxd3 Qxe3+
15. Bxe3 Be7 16. Bd4 O-O 17. Nf3 h6 18. b4 Bf5 19. Bxf5 gxf5 20. O-O Kh7 21. Bc5
Bxc5 22. bxc5 Rg8 23. Rae1 Rac8 24. Re7 Rxc5 25. Rxf7+ Kh8 26. Rd1 Rc3 27. Rdd7
Rxa3 28. Rh7# 1-0

[Event "AUTO-ADV-128"]
[Site "http://www.queenalice.com/game.php?id=49289"]
[Date "2006.1.24"]
[Round "1"]
[White "stamm"]
[Black "sidarta"]
[Result "1-0"]
[WhiteElo "1658"]
[BlackElo "1452"]

1. e4 e5 2. Qh5 Nf6 3. Qxe5+ Be7 4. d3 d6 5. Qg3 g6 6. Be2 Be6 7. Nc3 Nh5 8.
Bxh5 gxh5 9. Be3 a6 10. O-O-O Qd7 11. Bd4 Rf8 12. Qg7 b5 13. Qxh7 h4 14. Bg7
Bg5+ 15. Kb1 f6 16. Nd5 Ra7 17. f4 c6 18. Qg6+ Qf7 19. Qxf7+ Rfxf7 20. fxg5 Rxg7
21. Nxf6+ Ke7 22. Nf3 b4 23. g3 hxg3 24. hxg3 a5 25. Rh7 Rxh7 26. Nxh7 Bg4 27.
Rf1 Kd8 28. Nf6 Be6 29. b3 Na6 30. Nd4 Nc5 31. Nxc6+ 1-0

[Event "AUTO-ADV-128"]
[Site "http://www.queenalice.com/game.php?id=49290"]
[Date "2006.1.24"]
[Round "1"]
[White "sidarta"]
[Black "stamm"]
[Result "0-1"]
[WhiteElo "1469"]
[BlackElo "1642"]

1. e4 e5 2. d3 Qf6 3. Nf3 Bc5 4. a3 a5 5. Qd2 h6 6. Qc3 d6 7. Qc4 c6 8. h3 b5 9.
Qc3 b4 10. Qc4 Be6 11. Qxe6+ Qxe6 12. axb4 Bxb4+ 13. c3 Bc5 14. b4 Bb6 15. bxa5
Bxa5 16. Bd2 Nf6 17. Nh4 O-O 18. Nf5 Nbd7 19. c4 Bxd2+ 20. Nxd2 Rxa1+ 21. Ke2 d5
22. cxd5 cxd5 23. exd5 Qxf5 24. g4 Qf4 25. Rg1 e4 26. dxe4 Nxe4 27. Nxe4 Qxe4+
28. Kd2 Ra2+ 29. Kd1 Qb1# 0-1

[Event "Challenge"]
[Site "http://www.queenalice.com/game.php?id=55745"]
[Date "2006.3.4"]
[Round "-"]
[White "Rika"]
[Black "sidarta"]
[Result "1-0"]
[WhiteElo "1444"]
[BlackElo "1340"]

1. e4 e5 2. Nf3 d6 3. d4 exd4 4. Nxd4 c5 5. Nb5 a6 6. N5c3 h6 7. Nd5 Nf6 8. c4
Nxe4 9. Qf3 Nf6 10. Bd3 Nbd7 11. Nbc3 Ne5 12. Qe3 Ng4 13. Qg3 Be6 14. Bf4 Nxd3+
15. Qxd3 Rc8 16. Qg3 Qd7 17. O-O Be7 18. Nb6 Qc6 19. Nxc8 Bxc8 20. Rae1 Qd7 21.
Nd5 g5 22. Rxe7+ Qxe7 23. Nxe7 Kxe7 24. Qc3 Rg8 25. Re1+ Kd7 26. Bg3 Kc6 27. Qd3
Rd8 28. Re7 Rd7 29. Qf3+ Kc7 30. Qxf7 Ne5 31. Bxe5 dxe5 32. Qe6 Rxe7 33. Qxe7+
Kb8 34. Qxc5 e4 35. b4 g4 36. Qd6+ Ka8 37. Qd8 Kb8 38. a3 h5 39. c5 g3 40. Qd6+
Ka8 41. Qc7 Bg4 42. c6 1-0

[Event "Challenge"]
[Site "http://www.queenalice.com/game.php?id=57734"]
[Date "2006.3.16"]
[Round "-"]
[White "CareBear"]
[Black "sidarta"]
[Result "1-0"]
[WhiteElo "1296"]
[BlackElo "1391"]

1. e4 e5 2. d4 exd4 3. c3 Qe7 4. Qc2 d5 5. e5 Qxe5+ 6. Be2 Bf5 7. cxd4 Qe6 8.
Qd1 Nc6 9. Nf3 Nb4 10. O-O Nc2 11. Bf4 Nxa1 12. Re1 Be7 13. Bb5+ c6 14. Rxe6
Bxe6 15. Bd3 Bg4 16. Nc3 Bxf3 17. gxf3 Nf6 18. Qxa1 Nh5 19. Bc7 Rc8 20. Be5 f6
21. Bg3 O-O 22. Qe1 Rfe8 23. Qe6+ Kh8 24. Qf7 a5 25. Qxh5 Rg8 26. Qxh7# 1-0

[Event "Challenge"]
[Site "http://www.queenalice.com/game.php?id=156334"]
[Date "2007.1.20"]
[Round "-"]
[White "sidarta"]
[Black "saturnin"]
[Result "1-0"]
[WhiteElo "1326"]
[BlackElo "1396"]

1. e4 e5 2. d3 Nf6 3. h3 Bc5 4. a3 O-O 5. Nf3 d6 6. b4 Bb6 7. Bg5 Nc6 8. c3 a5
9. b5 Na7 10. Qb3 Be6 11. c4 h6 12. Bh4 c6 13. bxc6 bxc6 14. Bxf6 gxf6 15. Nh4
Bd4 16. Ra2 Rb8 17. Qd1 Qb6 18. Nf5 Bxf2+ 19. Rxf2 Qxb1 20. Qxb1 Rxb1+ 21. Ke2
Bxf5 22. Rxf5 a4 23. Rxf6 Rb3 24. Rxh6 f6 25. g4 Rxa3 26. Ke3 Rc3 27. Bg2 a3 28.
Ra1 Kg7 29. Rh5 Rc2 30. Bf3 a2 31. g5 f5 32. exf5 Rxf5 33. Be4 Rff2 34. d4 Rce2+
35. Kd3 d5 36. cxd5 cxd5 37. Rh7+ Kf8 38. Bxd5 exd4 39. g6 Rd2+ 40. Ke4 Rfe2+
41. Kf3 Re7 42. Bf7 Nc6 43. Rh8+ Kg7 44. Rg8+ Kf6 45. Bxa2 Nb4 46. Rf8+ Kxg6 47.
Rg1+ Kh7 48. Bb1+ d3 49. Rf4 Rb2 50. Rh4# 1-0

[Event "Challenge"]
[Site "http://www.queenalice.com/game.php?id=158087"]
[Date "2007.1.23"]
[Round "-"]
[White "sidarta"]
[Black "DGFerguson"]
[Result "1-0"]
[WhiteElo "1346"]
[BlackElo "1471"]

1. e4 c5 2. b3 e6 3. d3 Be7 4. Bb2 Nf6 5. h3 O-O 6. Nf3 d5 7. e5 Nh5 8. Be2 Nf4
9. O-O b6 10. Nc3 Nc6 11. Qd2 Bg5 12. Qd1 d4 13. Ne4 Bh4 14. Kh2 Bb7 15. g3
Bxg3+ 16. fxg3 Nd5 17. Qd2 Ne3 18. Rg1 Nb4 19. Rgc1 a6 20. c3 dxc3 21. Bxc3 Ned5
22. a3 Nc6 23. Nd6 Rb8 24. b4 f6 25. bxc5 bxc5 26. Rab1 Qd7 27. exf6 Rxf6 28.
Bxf6 Nxf6 29. Nxb7 Rxb7 30. Rxb7 Qxb7 31. Rxc5 Qb6 32. d4 Ne4 33. Qa2 Nd8 34.
Rc8 Kf7 35. Bd3 Nd6 36. Ne5+ Kf6 37. Nd7+ Ke7 38. Nxb6 1-0

[Event "Challenge"]
[Site "http://www.queenalice.com/game.php?id=188167"]
[Date "2007.3.26"]
[Round "-"]
[White "sidarta"]
[Black "jose50"]
[Result "1-0"]
[WhiteElo "1367"]
[BlackElo "1528"]

1. e4 e5 2. d3 Nc6 3. a3 d6 4. Be3 f5 5. exf5 Bxf5 6. h3 h6 7. Nc3 Nf6 8. g4 Be6
9. Nf3 Be7 10. Nh4 O-O 11. Ng6 Re8 12. g5 Nh7 13. gxh6 Bg5 14. Rg1 Bf5 15. Qh5
Bxg6 16. Qxg6 Bf6 17. Nd5 Re7 18. Nxe7+ Qxe7 19. h4 Qf7 20. Qf5 Ne7 21. Qd7 Nd5
22. Qg4 Re8 23. Bg5 Bxg5 24. hxg5 Qg6 25. Qc4 c6 26. O-O-O Nf6 27. Be2 Nh5 28.
Bxh5 Qxh5 29. Qe4 Nf4 30. Rde1 d5 31. Qf5 1-0

[Event "Challenge"]
[Site "http://www.queenalice.com/game.php?id=201523"]
[Date "2007.4.24"]
[Round "-"]
[White "sidarta"]
[Black "li_pinheiro"]
[Result "1-0"]
[WhiteElo "1389"]
[BlackElo "1394"]

1. e4 d5 2. e5 f6 3. exf6 exf6 4. d3 Bc5 5. Qe2+ Kf7 6. Nc3 Nh6 7. Qh5+ Kf8 8.
Bxh6 gxh6 9. Qxh6+ Kf7 10. Qh5+ Kg7 11. Nxd5 Qe8+ 12. Be2 Na6 13. a3 Be6 14. c4
Qg6 15. b4 Qxg2 16. O-O-O Qxh1 17. Bf3 Qxf3 18. Qxf3 Bd6 19. Qxf6+ Kg8 20. Qxe6+
Kf8 21. Qf6+ Kg8 22. Re1 c6 23. Ne7+ Bxe7 24. Qxe7 h5 25. Re6 Rh7 26. Rg6+ Kh8
27. Qf6+ Rg7 28. Qxg7# 1-0

[Event "Challenge"]
[Site "http://www.queenalice.com/game.php?id=208184"]
[Date "2007.5.9"]
[Round "-"]
[White "dghost"]
[Black "sidarta"]
[Result "1-0"]
[WhiteElo "1344"]
[BlackElo "1421"]

1. e4 e5 2. Nf3 d6 3. h3 a6 4. Nc3 Nf6 5. Bc4 b5 6. Bb3 Bb7 7. d3 h6 8. Be3 b4
9. Nd5 a5 10. a4 c6 11. Nxf6+ Qxf6 12. O-O Qd8 13. Qd2 Be7 14. c3 c5 15. c4 Nd7
16. Rfe1 Nf6 17. Nh4 Ng4 18. Nf5 g6 19. Ng3 Nxe3 20. fxe3 Bh4 21. Kh2 f5 22. Rf1
Bxg3+ 23. Kxg3 Rg8 24. Kh2 fxe4 25. d4 Qb6 26. d5 g5 27. Rf6 Rh8 28. Qf2 O-O-O
29. Qf5+ Kb8 30. Qxe4 Qc7 31. Raf1 Qe7 32. Rf7 Qe8 33. Bc2 Bc8 34. Rh7 Qh5 35.
Bd1 g4 36. Rxh8 Rxh8 37. Bxg4 Bxg4 38. Qxg4 Qg5 39. Qxg5 hxg5 40. Rf5 g4 41. Rf6
Kc7 42. Rf7+ Kd8 43. Ra7 Rh4 44. Kg3 Rh6 45. Kxg4 Rg6+ 46. Kf3 Rf6+ 47. Ke2 e4
48. Rxa5 Rg6 49. Kf1 Rg3 50. Kf2 Rg5 51. Ra7 Re5 52. a5 Kc8 53. a6 Kb8 54. Rd7
Rf5+ 55. Ke2 Rf6 56. a7+ Ka8 57. Re7 Rg6 58. Kf1 Rf6+ 59. Kg1 b3 60. Rxe4 Kxa7
61. Re6 Rf5 62. e4 Rf4 63. g3 Rf3 64. Kg2 Rd3 65. Rf6 Rd2+ 66. Rf2 Rc2 67. h4
Ka6 68. h5 Ka5 69. h6 Kb4 70. h7 Kxc4 71. h8=Q Kb4 72. Qh4 Rc4 73. Qf4 Kb5 74.
Qxd6 Kb4 75. Qb6+ Ka4 76. Rf1 Rc2+ 77. Kh3 Rxb2 78. Qxc5 Ra2 79. Qc4+ Ka3 80.
Rb1 Rb2 81. Qxb3+ Kxb3 82. Rxb2+ Kxb2 83. d6 Kc2 84. d7 Kd2 85. d8=Q+ Ke3 86.
Qd5 Kf2 87. Qd3 Kg1 88. Qe2 Kh1 89. Qh2# 1-0

[Event "Challenge"]
[Site "http://www.queenalice.com/game.php?id=212974"]
[Date "2007.5.18"]
[Round "-"]
[White "sidarta"]
[Black "KILLAH"]
[Result "1-0"]
[WhiteElo "1405"]
[BlackElo "1406"]

1. d4 h5 2. e3 Rh6 3. Be2 Rf6 4. Nh3 c6 5. Qd3 b5 6. Qh7 Qa5+ 7. c3 b4 8. Bd2 e5
9. Qxh5 c5 10. Qxe5+ Kd8 11. Ng5 d6 12. Qe4 cxd4 13. Qxa8 Qxg5 14. O-O dxe3 15.
Bxe3 Qe5 16. Qxb8 Rh6 17. Bxh6 gxh6 18. Bf3 Bg7 19. Bg4 f5 20. Bh3 Ne7 21. Qxb4
Qe2 22. Qxd6+ Ke8 23. Na3 Qxb2 24. Rae1 Bxc3 25. Qxe7# 1-0

[Event "Challenge"]
[Site "http://www.queenalice.com/game.php?id=216914"]
[Date "2007.5.26"]
[Round "-"]
[White "gilsinho22"]
[Black "sidarta"]
[Result "1-0"]
[WhiteElo "1525"]
[BlackElo "1368"]

1. e4 e5 2. Qf3 Nf6 3. Nc3 c6 4. d3 h6 5. h4 Qb6 6. a4 Bb4 7. Qg3 O-O 8. Bd2 d6
9. a5 Qa6 10. d4 b5 11. Bxh6 g6 12. Be2 Re8 13. Bg5 Nxe4 14. Qd3 d5 15. Nf3 Bg4
16. dxe5 Bxa5 17. b4 Qb7 18. bxa5 Nd7 19. Nxe4 dxe4 20. Qxe4 Bf5 21. Qd4 c5 22.
Qd1 Nxe5 23. O-O Ng4 24. a6 Qc6 25. c4 b4 26. Nd2 Qc7 27. Bxg4 Bxg4 28. Qxg4 Qe5
29. Nb3 Rac8 30. f4 Qb2 31. Na5 Qc3 32. h5 Qd4+ 33. Kh1 Rb8 34. Nc6 1-0

[Event "Challenge"]
[Site "http://www.queenalice.com/game.php?id=222133"]
[Date "2007.6.7"]
[Round "-"]
[White "sidarta"]
[Black "gilsinho22"]
[Result "0-1"]
[WhiteElo "1379"]
[BlackElo "1514"]

1. e4 e5 2. d3 Bc5 3. Nf3 f6 4. a3 Ne7 5. b4 Bd4 6. Nxd4 exd4 7. Qh5+ Ng6 8. c3
dxc3 9. Nxc3 O-O 10. Ne2 Nc6 11. Bb2 d6 12. Qd5+ Kh8 13. Ng3 Nce7 14. Qc4 d5 15.
exd5 Nxd5 16. Be2 Re8 17. Ne4 Nb6 18. Qb5 h6 19. Bh5 a6 20. Qc5 Na4 21. Qc2 f5
22. Rd1 fxe4 23. dxe4 Nxb2 0-1